000 01130nam a2200277 a 4500
001 000022430
005 20260304085435.0
008 101011s1998 dr 000 0 spa d
020 _z8489539715
040 _aDO-SdBNP
_bspa
_cBNPHU
082 _a324.97293054
_bC422c
100 1 _aCéspedes, Diógenes,
_d1941-
_920548
245 1 0 _aContra la ideología racista en Santo Domingo :
_b(dos campañas por Peña) /
_cDiógenes Céspedes.
260 _aSanto Domingo :
_bEditora de Colores,
_c1998.
300 _a182 p. ;
_c22 cm.
500 _aIncluye referencias bibliográficas y notas al pie de páginas
500 _aIncluye datos biográficos del autor en la contracubierta
590 _aInventariado, 2018/BT
600 1 0 _aPeña Gomez, Jose Francisco ,
_d1937-1998
_92994
650 4 _aCampañas políticas
_zRepública Dominicana
_946237
650 4 _aElecciones
_xRepública dominicana
_946238
650 4 _aRacismo
_zRepública Dominicana
_946239
651 0 _aRepública Dominicana
_xPolítica y gobierno
_945
651 4 _aRepública Dominicana
_xRelaciones Raciales
_9432
910 _aValidado. Control de calidad. MFF
999 _c21928
_d21928